000 00460nam a2200169Ia 4500
008 230917s9999||||xx |||||||||||||| ||und||
020 _cRS300
040 _e239894
_aMAIN
041 _aEnglish
082 _a891.2109 S19B
100 _aSahaya, Rajvansh
245 0 _aBharatiya kavya shastra ka itihas
260 _aVaranasi
_bChaukhamba Vidyabhawan
_c2007
300 _a252 p.
500 _a2699 27/03/2017 HBD17/2508 27/03/2017 Sanskrit SAP
942 _cBK
999 _c22466
_d22466